000 00584nam a22001817a 4500
005 20251108171128.0
008 250721s1994 xx 000 0 ara d
082 1 4 _a216/سري
100 1 _aأبو سريع، محمد عبد الهادي
245 1 0 _aأطفال الأنابيب مع بيان حكم التلقيح الصناعي و النسب و اللقيط ... /
264 1 _aالقاهرة :
_bالدار الذهبية،
_c1994.
300 _a110ص
650 1 7 _aالإسلام
650 1 7 _aالعقم
650 1 7 _aالتبني
942 _2ddc
_cBK
999 _c57317
_d57317